000 00639cam a22002291a 4500
001 sa 64002227
003 DLC
005 20260227112008.0
008 830310s1962 ii 000 0beng
010 _asa 64002227
025 _aPL480:I-E-2512
035 _a(OCoLC)9300083
040 _aDLC
_cHU
_dHU
_dDLC
042 _apremarc
050 0 0 _aDS481.G3
_bK247 1962
100 1 _aKalelkar, Dattatraya Balakrishna,
_d1885-
245 1 2 _aA glimpse of Gandhiji /
_cKaka Kalelkar.
250 _a2nd ed.
260 _aVaranasi : Sarva Seva Sangh Prakashan,
_c1962.
300 _a39 p. ;
_c18 cm.
600 1 0 _aGandhi,
_cMahatma,
_d1869-1948.
999 _c57241
_d57241